Statistiques concernant Coupes du Monde de Football: Huitièmes de finale depuis 1986

Cliquez ici pour prendre le quiz!

Statistiques générales

  • Ce quiz a été pris 369 fois
  • Le résultat moyen est 40 sur 47

Statistiques - réponses

Réponse% Correct
France
100%
Argentine
99%
Brésil
98%
Espagne
98%
Portugal
98%
Angleterre
97%
Japon
97%
Maroc
97%
Allemagne
96%
Belgique
96%
RFA
96%
Corée du Sud
95%
Croatie
95%
Italie
95%
Pays-Bas
95%
Suisse
95%
Australie
94%
Mexique
94%
Pologne
94%
Uruguay
94%
Etats-Unis
93%
Russie
93%
Sénégal
93%
Algérie
90%
Suède
90%
Colombie
87%
Danemark
87%
Chili
86%
Cameroun
82%
Ghana
79%
Costa Rica
77%
Grèce
77%
Irlande
77%
Nigeria
76%
Turquie
76%
Paraguay
75%
Ukraine
74%
URSS
73%
Norvège
71%
Yougoslavie
71%
RF Yougoslavie
70%
Equateur
67%
Roumanie
67%
Bulgarie
66%
Slovaquie
59%
Arabie Saoudite
58%
Tchécoslovaquie
56%

Distribution des résultats

Percentile par nombre de réponses

% des personnes avec chaque résultat

Votre développement - résultats

Vous n’avez pas pris ce quiz